000 00661nam a2200241Ia 4500
003 OSt
005 20220926005827.0
006 a|||||r|||| 00| 0
007 ta
008 220923b |||||||| |||| 00| 0 eng d
020 _a8174962840
037 _cGeneral Book
040 _aRTL
_cRTL
_beng
041 _2eng
_aeng
082 _aX:8F, P0
100 _aKishore Ravi M
_9311120
245 0 _aTaxmann's management accounting with problems and
260 _a New Delhi
_bTaxmann India
_c2000
300 _avarious pagination
_ccm.
650 _aBudgating
942 _hX:8F, P0
_cGB
_2CC
999 _c615388
_d615388